Online
Catalog

Contribución al estudio del diagnóstico diferencial entre la peritonitis tuberculosa crónica en el niño i la ascaridiosis infantil. / (Record no. 32325)

MARC details
000 -CABECERA
campo de control de longitud fija 00711nam a2200157 a 4500
001 - NÚMERO DE CONTROL
campo de control 000032834
005 - FECHA Y HORA DE LA ÚLTIMA TRANSACCIÓN
campo de control 20200930065848.0
008 - DATOS DE LONGITUD FIJA--INFORMACIÓN GENERAL
campo de control de longitud fija 110727s1911 dr 000 0 spa d
040 ## - FUENTE DE LA CATALOGACIÓN
Centro catalogador/agencia de origen DO-SdBNP
Lengua de catalogación spa
Centro/agencia transcriptor BNPHU
082 ## - NÚMERO DE LA CLASIFICACIÓN DECIMAL DEWEY
Número de clasificación xxxx
Número de documento/Ítem H557c
100 1# - ENTRADA PRINCIPAL--NOMBRE DE PERSONA
Nombre de persona Hernández, Miguel A.
9 (RLIN) 58631
245 10 - MENCIÓN DE TÍTULO
Título Contribución al estudio del diagnóstico diferencial entre la peritonitis tuberculosa crónica en el niño i la ascaridiosis infantil. /
Mención de responsabilidad, etc. Miguel A. Hernández.
260 ## - PUBLICACIÓN, DISTRIBUCIÓN, ETC.
Lugar de publicación, distribución, etc. Santo Domingo :
Nombre del editor, distribuidor, etc. Instituto profesional de Santo Domingo,
Fecha de publicación, distribución, etc. 1911.
300 ## - DESCRIPCIÓN FÍSICA
Extensión 56 p. ;
Dimensiones 23 cm.
500 ## - NOTA GENERAL
Nota general Originalmente presentado como tesis para optar por la licenciatura en la facultad de medicina del Instituto profesional de Santo Domingo
Holdings
Estado de retiro Estado de pérdida Restricciones de uso No para préstamo Código de colección Localización permanente Ubicación/localización actual Ubicación en estantería Fecha de adquisición Número de inventario Total de préstamos Signatura topográfica completa Código de barras Fecha visto por última vez Precio válido a partir de Tipo de ítem Koha Nota pública
      Excluido de préstamo Raros y valiosos Patrimonio Dominicano Patrimonio Dominicano En catalogación 27.07.2011 LF1   xxxx H557c 32834-10 25.06.2020 25.06.2020 No se presta Perteneció a la biblioteca personal de Carlos Larrazábal Blanco

Powered by Koha